Statistics for Guess the Hit Title from the Lyrics #7

Click here to take the quiz!

General Stats

  • This quiz has been taken 194 times
  • The average score is 4 of 14

Answer Stats

LyricsAnswer% Correct
Shot through the heart / And you're to blame / __ __ ___ _ __ ___ (__ ___) / I play my part and you play your game / __ __ ___ _ __ ___ (__ ___)You Give Love a Bad Name: By Bon Jovi
67%
With their tanks, and their bombs / And their bombs, and their guns / In your head, in your head they are crying In your head, in your head /____, ____, ____-ie-ieZombie: By The Cranberries
53%
People killin' people dyin' / Children hurtin', I hear them cryin' / Can you practice what you preachin'? / Would you turn the other cheek again? / Father, Father, Father help us / Send some guidance from above / 'Cause people got me, got me questioning / ___ _ __ ___Where Is The Love: By The Black Eyed Peas
46%
But there's a hope that's waiting for you in the dark / You should know you're beautiful just the way you are / And you don't have to change a thing, the world could change its heart / No ___ __ ___ _____, we're stars and we're beautifulScars to Your Beautiful: By Alessia Cara
44%
So la-da-di-da-di, we like to party / Dancing with Molly / Doing whatever we want / This is our house / This is our rules / And __ __'_ ___ (whoa) / And we won't stop (whoa) / Can't you see it's we who own the night? / Can't you see it we who 'bout that life?We Can't Stop: By Miley Cyrus
37%
You and me got a whole lot of ____ (oh oh) / We could be the greatest team that the world has ever seen / You and me got a whole lot of ____ (oh oh) / So don't let it go, we can make some more, we can live foreverHistory: By One Direction
36%
Whether I'm right or wrong / And down the waterfall / Wherever it may take me / I know that life won't break me / When I come to call, she won't forsake me / I'm loving ____ insteadAngels: By Robbie Williams
33%
On the other side of a street I knew / Stood a girl that looked like you / I guess that's deja vu / But I thought this can't be true, 'cause / Oh I swear to you, I'll be there for you / This is not a ___ __Drive By: By Train
32%
I'd spend __ _____ ___ and __ _____ more / Oh, if that's what it takes to learn that sweet heart of yours / And I might never get there, but I'm gonna try / If it's __ _____ ___ or the rest of my life10,000 Hours: By Justin Bieber & Dan + Shay
27%
Hey, ___, don't stress your mind / We're coming home tonight / Hey, ___, we gonna be alright / Dry those eyes / We'll be back in the morning when the sun starts to riseMama: By Jonas Blue
24%
Ooh, we're all someone's daughter / We're all someone's son / How long can we look at each other / Down the barrel of a gun? / __'_ __ ___, try and understand it / Make a noise and make it clear / Oh, whoaYou're The Voice: By John Farnham
13%
Young teachers, student doctors / Sons on the frontline knowing they don't get to run / This goes out to the _____ / Keep on keeping at what you love / You'll find that someday soon enough / You will rise up, rise up, yeahUnderdog: By Alicia Keys
11%
___ __ ___ / Somewhere far away from home / Pockets empty wallet gone / The sun is streaming all on down on my faceWoke Up Late: By Drax Project & Hailee Steinfeld
6%
It's so hard when you're with someone / Your heart breaks and it ain't no fun / But I gotta take that risk tonight /__ ___, __ ___, __ ___, __ ___ / For someone to love meI'm Ready: Bye Sam Smith & Demi Lovato
3%

Score Distribution

Percentile by Number Answered

Percent of People with Each Score

Your Score History

You have not taken this quiz